|
|
|
|
| LEADER |
00000nam0a2200000 4500 |
| 001 |
50487 |
| 005 |
20231031033125.0 |
| 035 |
|
|
|a (RuTPU)RU\TPU\book\52867
|
| 090 |
|
|
|a 50487
|
| 100 |
|
|
|a 20030416d1983 k y0rusy50 ca
|
| 101 |
0 |
|
|a rus
|
| 102 |
|
|
|a RU
|
| 105 |
|
|
|a a z 001zy
|
| 200 |
1 |
|
|a Проектирование тепловыделяющих элементов высокотемпературных газоохлаждаемых реакторов
|f Л. Е. Костиков, В. В. Лозовецкий
|
| 210 |
|
|
|a Москва
|c Энергоатомиздат
|d 1983
|
| 215 |
|
|
|a 120 с.
|c ил.
|
| 225 |
1 |
|
|a Техника ядерных реакторов
|h Вып. 15
|
| 320 |
|
|
|a Библиогр.: с. 117-119
|
| 610 |
1 |
|
|a ядерные реакторы
|
| 610 |
1 |
|
|a газовое охлаждение
|
| 610 |
1 |
|
|a тепловыделяющие элементы
|
| 610 |
1 |
|
|a проектирование
|
| 610 |
1 |
|
|a ТВЭЛы
|
| 610 |
1 |
|
|a прочностные расчеты
|
| 675 |
|
|
|a 621.039.52
|v 3
|
| 700 |
|
1 |
|a Костиков
|b Л. Е.
|g Лев Ефремович
|
| 701 |
|
1 |
|a Лозовецкий
|b В. В.
|g Вячеслав Владимирович
|
| 801 |
|
1 |
|a RU
|b 63413507
|c 20030416
|g PSBO
|
| 801 |
|
2 |
|a RU
|b 63413507
|c 20200204
|g PSBO
|
| 942 |
|
|
|c BK
|